ՀՀ Գիտությունների ազգային ակադեմիայի հիմնարար գիտական գրադարան  =   Fundamental Scientific Library of NAS RA

Древесная флора Дальнего Востока : (Record no. 303087)

MARC details
000 -LEADER
fixed length control field 01092nam a2200241 a 4500
001 - CONTROL NUMBER
control field 000845924
003 - CONTROL NUMBER IDENTIFIER
control field AM-YeHGA
005 - DATE AND TIME OF LATEST TRANSACTION
control field 20250617144933.0
008 - FIXED-LENGTH DATA ELEMENTS--GENERAL INFORMATION
fixed length control field 111114s1982 ||| r 000 0 rus d
040 ## - CATALOGING SOURCE
Original cataloging agency AM-YeHGA
041 0# - LANGUAGE CODE
Language code of text/sound track or separate title rus
090 ## - LOCALLY ASSIGNED LC-TYPE CALL NUMBER (OCLC); LOCAL CALL NUMBER (RLIN)
-- 304790
245 00 - TITLE STATEMENT
Title Древесная флора Дальнего Востока :
Remainder of title [Справочное пособие] /
Statement of responsibility, etc. А.С. Агеенко, Н.Г. Васильев, Д.А. Глоба-Михайленко, В.С. Холявко.
260 ## - PUBLICATION, DISTRIBUTION, ETC.
Place of publication, distribution, etc. Москва :
Name of publisher, distributor, etc. Лесн. пром-сть,
Date of publication, distribution, etc. 1982.
300 ## - PHYSICAL DESCRIPTION
Extent 224 с. :
Other physical details [8] л. ил.
500 ## - GENERAL NOTE
General note Авт. указаны на обороте тит. л.
504 ## - BIBLIOGRAPHY, ETC. NOTE
Bibliography, etc. note Библиогр.: с. 216-218
653 0# - INDEX TERM--UNCONTROLLED
Uncontrolled term Древесные растения - Дальний Восток СССР
700 1# - ADDED ENTRY--PERSONAL NAME
Personal name Агеенко, Анатолий Сергеевич
700 1# - ADDED ENTRY--PERSONAL NAME
Personal name Васильев, Николай Григорьевич
700 1# - ADDED ENTRY--PERSONAL NAME
Personal name Глоба-Михайленко, Дмитрий Автономович
700 1# - ADDED ENTRY--PERSONAL NAME
Personal name Холявко, Виктор Степанович
Holdings
Withdrawn status Lost status Damaged status Not for loan Collection Home library Current library Date acquired Total checkouts Full call number Barcode Date last seen Price effective from Koha item type Public note
        General Fundamental Scientific Library Fundamental Scientific Library 09/01/2017   PII/511723 FL0211044 09/01/2017 09/01/2017 Գրքեր / Books 30 Days Loan


ՀՀ ԳԱԱ հիմնարար գիտական գրադարան
ՀՀ,Երևան 0019
Մարշալ Բաղրամյան 24/6
հեռախոս:(374-10) 52-47-50
Հետադարձ կապ

All site content, except where otherwise noted, is licensed under a
Creative Commons License